Online katalóg knižníc regiónu Turca

Svätopluk ; Horymír (Record no. 20847)

MARC details
000 -LEADER
fixed length control field 01570cam a2200421 a 4500
001 - CONTROL NUMBER
control field 20847
003 - CONTROL NUMBER IDENTIFIER
control field VRT
005 - DATE AND TIME OF LATEST TRANSACTION
control field 20260205154737.0
008 - FIXED-LENGTH DATA ELEMENTS--GENERAL INFORMATION
fixed length control field 210624s1963 xo a 000 f slo
015 ## - NATIONAL BIBLIOGRAPHY NUMBER
National bibliography number SNBA1963/10-02070
039 #9 - LEVEL OF BIBLIOGRAPHIC CONTROL AND CODING DETAIL [OBSOLETE]
Level of rules in bibliographic description 202106240418
Level of effort used to assign nonsubject heading access points VLOAD
Level of effort used to assign subject headings 202103220915
Level of effort used to assign classification VLOAD
Level of effort used to assign subject headings 202103182117
Level of effort used to assign classification csnk01
Level of effort used to assign subject headings 202006241010
Level of effort used to assign classification csnkv15
040 ## - CATALOGING SOURCE
Original cataloging agency SNK
Language of cataloging slo
Transcribing agency SNK
Description conventions AACR2
041 0# - LANGUAGE CODE
Language code of text/sound track or separate title slo
044 ## - COUNTRY OF PUBLISHING/PRODUCING ENTITY CODE
MARC country code xo
ISO country code SK
080 ## - UNIVERSAL DECIMAL CLASSIFICATION NUMBER
Universal Decimal Classification number 821.162.4-32
Edition identifier 2001
100 0# - MAIN ENTRY--PERSONAL NAME
Personal name Jégé,
Dates associated with a name 1866-1940
Relationship aut
245 10 - TITLE STATEMENT
Title Svätopluk ; Horymír
Statement of responsibility, etc. Ladislav Nádaši Jégé ; doslov Vladimír Petrík ; vysvetlivky Pavol Petrus ; ilust. Alojz Pepich
250 ## - EDITION STATEMENT
Edition statement 1. vyd.
260 ## - PUBLICATION, DISTRIBUTION, ETC.
Place of publication, distribution, etc. Bratislava
Name of publisher, distributor, etc. Slovenské vydavateľstvo krásnej literatúry
Date of publication, distribution, etc. 1963
300 ## - PHYSICAL DESCRIPTION
Extent 186 s.
Dimensions
440 #0 - SERIES STATEMENT/ADDED ENTRY--TITLE
Title Hviezdoslavova knižnica
Volume/sequential designation zv. 86
655 #7 - INDEX TERM--GENRE/FORM
Genre/form data or focus term slovenské poviedky
Source of term SNKPH
655 #7 - INDEX TERM--GENRE/FORM
Genre/form data or focus term historické poviedky
Source of term SNKPH
700 1# - ADDED ENTRY--PERSONAL NAME
Personal name Petrík, Vladimír,
Dates associated with a name 1929-2017
Relationship aft
700 1# - ADDED ENTRY--PERSONAL NAME
Personal name Pepich, Alojz,
Dates associated with a name 1926-1962
Relationship ill
700 1# - ADDED ENTRY--PERSONAL NAME
Personal name Petrus, Pavol,
Dates associated with a name 1927-2014
Relationship oth
740 02 - ADDED ENTRY--UNCONTROLLED RELATED/ANALYTICAL TITLE
Uncontrolled related/analytical title Horymír
910 ## - USER-OPTION DATA (OCLC)
User-option data snk
942 ## - ADDED ENTRY ELEMENTS (KOHA)
Source of classification or shelving scheme Dewey Decimal Classification
Koha item type Krásna literatúra pre dospelých
Suppress in OPAC No
949 ## - LOCAL PROCESSING INFORMATION (OCLC)
6 273K0431763
a svkpoA 46158
b svkpo106703
949 ## - LOCAL PROCESSING INFORMATION (OCLC)
6 273K0431762
a svkpoA 46158a
b svkpo108361
949 ## - LOCAL PROCESSING INFORMATION (OCLC)
6 273K0431761
a svkpoA 46158b
b svkpo122433
949 ## - LOCAL PROCESSING INFORMATION (OCLC)
6 270001000387082
a svkbbS 77783
b svkbbm 106285
949 ## - LOCAL PROCESSING INFORMATION (OCLC)
6 273K0485292
9 1
a svkpoA 191251
b svkpo477952
949 ## - LOCAL PROCESSING INFORMATION (OCLC)
6 3830001011685
a kurukT18/JEGE1-8
b kuruk2007/F1242
949 ## - LOCAL PROCESSING INFORMATION (OCLC)
6 2889012830
a savukM 11645
949 ## - LOCAL PROCESSING INFORMATION (OCLC)
6 3830001090101
a kurukT18/JEGE1-8
b kuruk2013/F9268
o D2013/Hrkút Michal
Holdings
Stav vyradenia Strata Poškodenie Spôsob nadobudnutia Domovská knižnica Aktuálna knižnica Dátum nadobudnutia Total checkouts Čiarový kód exemplára Date last seen Typ exemplára
      Dar Obecná knižnica Horná Štubňa Obecná knižnica Horná Štubňa 05.02.2026   4736200974 05.02.2026 Krásna literatúra pre dospelých
Projekt je podporený Slovenskou asociáciou knižníc
Prevádzkuje Turčianska knižnica Martin 2026